000 00467nab a2200145Ia 4500
003 ES-SlBCS
005 20210601124321.0
008 140529s1990 xxu||||| |||| 00| 0 eng d
041 _aeng
100 1 _aSmyth, John
_9139648
245 0 0 _aLife in Schools: An Introduction to Critical Pedagogy in the Foundations of Education
_c John Smyth
650 0 4 _aEducación
_986687
773 0 _tEducational Theory
_gvol. 40, nº. 2, 1990, págs. 267-280
_wRev1399
942 _cAR
999 _c512833
_d512833